| 000 | 00648cam a2200229 4500500 | ||
|---|---|---|---|
| 005 | 20260329003647.0 | ||
| 041 | _afre | ||
| 042 | _adc | ||
| 100 | 1 | 0 |
_aLacroix, Alexandre _eauthor |
| 245 | 0 | 0 | _aApologie du bronzage |
| 260 | _c2016. | ||
| 500 | _a41 | ||
| 690 | _aAndré Gide | ||
| 690 | _aBronzage | ||
| 690 | _aMichel Houellebecq | ||
| 690 | _aNietzsche | ||
| 690 | _aPaul Morand | ||
| 690 | _aRimbaud | ||
| 690 | _aYukio Mishima | ||
| 786 | 0 | _nPhilosophie magazine | 101 | 7 | 2016-07-01 | p. 27-29 | 1951-1787 | |
| 856 | 4 | 1 | _uhttps://shs.cairn.info/magazine-philosophie-magazine-2016-7-page-27?lang=fr&redirect-ssocas=7080 |
| 999 |
_c1826504 _d1826504 |
||